Rodinné vinárstvo v Malokarpatskej vinohradníckej oblasti.

Guardado en:
Detalles Bibliográficos
Autor principal: Obuh, Sara (Autor)
Otros Autores: Borecká, Eva (Orientador)
Formato: Manuscrito Libro
Lenguaje:eslovaco
Publicado: 2025
Materias:
Acceso en línea:http://is.stuba.sk/zp/portal_zp.pl?podrobnosti=168606
CRZP
Etiquetas: Agregar Etiqueta
Sin Etiquetas, Sea el primero en etiquetar este registro!

MARC

LEADER 00000ntm a22000003a 4500
001 stuzp103793
003 SK-STU
005 20250729143543.6
007 ta
008 150427s2015----xo-----f-mn---000-0-slo-d
040 |a STU  |b slo 
041 0 |a slo 
100 1 |a Obuh, Sara  |u 010310  |4 aut  |U SvF Stavebná fakulta  |T SvF Katedra architektúry  |X 115886  |U V181|V310  |Y 19  |7 115886 
242 0 1 |a Family winery in the Small Carpathian wine region.  |y eng 
245 1 0 |a Rodinné vinárstvo v Malokarpatskej vinohradníckej oblasti. 
260 |c 2025 
650 4 |a Vinárstvo  |2 slo 
650 4 |a Bratislava  |2 slo 
650 4 |a Malokarpatská vinohradnícka oblasť  |2 slo 
650 4 |a Bratislava  |2 eng 
650 4 |a Small Carpathian wine Region  |2 eng 
650 4 |a Winery  |2 eng 
700 1 |a Borecká, Eva  |u 010310  |k Z1  |4 ths  |U SvF Stavebná fakulta  |T SvF Katedra architektúry  |X 53660  |U V181|V310  |Y 19  |7 A000053660 
856 4 |u http://is.stuba.sk/zp/portal_zp.pl?podrobnosti=168606 
856 4 |u https://opac.crzp.sk/?fn=detailBiblioForm&sid=4013D2F8FE5692F459CE2C4F6B33  |z CRZP